1934 1976 1399 1828 1297 1703 1699 1266 1853 1538 1905 1287 1286 1500 1809 1020 2000 1323 1427 1962 1112 1099 1244 1528 1808 1592 1137 1414 1849 1004 1604 1398 1022 1000 1871 1174 1626 1795 1639 1967 1388 1159 1438 1950 1487 1944 1981 1694 1062 1453 1657 1917 1900 1151 1033 1985 1677 1948 1718 1402 1853 1295 1687 1837 1684 1682 1917 1622 1309 1354 1892 1764 1483 1684 1610 1405 1430 1297 1690 1866 1424 1715 1145 1155 1110 1797 1849 1571 1272 1531 1339 1346 1636 1887 1777 1700 1299 1541 1751 BCNSPRNW ULIB Ver.6.0+V

เปลี่ยนเป็นภาษาไทย

Change to English
 แสดงรายละเอียดบรรณานุกรม
  กลับหน้าหลัก

Brief Record : Get Marc (ISO 2709) : E-mail record : QR code < ปิดหน้าต่าง
LEADER : 00000nam 2200000uu 4500
001    13399124497
003     ULIB
008    150810s2557||||th 000 0 tha d
020    ^a9786163742032
060  4 ^aQS4^bณ342บ
100    ^aณัฐพล รัตนธรรมสกุล
245    ^aAnatomy Workbook I :^bบททดสอบตนเองกายวิภาคศาสตร์ เล่ม 1/^cณัฐพล รัตนธรรมสกุล และคณะ
250    ^aพิมพ์ครั้งที่ 2
260    ^aกรุงเทพฯ :^bภาควิชากายวิภาคศาสตร์ คณะแพทยศาสตร์ศิริราชพยาบาล มหาวิทยาลัยมหิดล,^c2557
300    ^a259 หน้า;^b26 ซม.
650    ^aกายวิภาคศาสตร์^xแบบทดสอบ
700    ^aสุพิน ชมภูพงษฺ์
700    ^aรังสฤษฏ์ สุนัน
700    ^aพีรพร วรินทรา
710    ^aมหาวิทยาลัยมหิดล.^bคณะแพทยศาสตร์ศิริราชพยาบาล.^bภาควิชากายวิภาคศาสตร์.
945    ^p295^l0^i039769
945    ^p295^l0^i039770
999    ^aเกษร โพธิ์สุวรรณ
รายการนี้ยังไม่มีแท็ก
คุณยังไม่ได้ล็อกอิน คุณสามารถมีกิจกรรมร่วมกับเว็บไซต์ได้ แต่ต้องล็อกอินก่อน ::
  ล็อกอิน

รายการสื่อสารสนเทศ

ลำดับที่ ประเภท เลขเรียก/บาร์โค้ด สถานที่ สถานะ
1. วิทยาศาสตร์การแพทย์ และสุขภาพ
วิทยาศาสตร์การแพทย์ และสุขภาพ
สถานะ=หนังสือเก่า
QS4 ณ342บ ฉ.1 
  Barcode: 039769
ห้องสมุดวิทยาเขตสวรรค์ประชารักษ์
►ส่วนจัดเก็บหนังสือเก่า สปร
บนชั้น
  ขอยืม
2. วิทยาศาสตร์การแพทย์ และสุขภาพ
วิทยาศาสตร์การแพทย์ และสุขภาพ
สถานะ=หนังสือเก่า
QS4 ณ342บ ฉ.2 
  Barcode: 039770
ห้องสมุดวิทยาเขตสวรรค์ประชารักษ์
►ส่วนจัดเก็บหนังสือเก่า สปร
บนชั้น
  ขอยืม

รายการใกล้เคียง
    ผู้แต่ง [ณัฐพล รัตนธรรมสกุล]

BibComment


ยังไม่เคยถูกคอมเมนท์

คอมเมนท์ทรัพยากรรายการนี้
  คอมเมนท์: Anatomy Workbook..


 Copyright 2026. Bcnsprnw @Library